[Event "London Classic Superrapid"]
[Site "London ENG"]
[Date "2016.12.17"]
[Round "5.5"]
[White "Shabalov, Alexander"]
[Black "Smirin, Ilia"]
[Result "1-0"]
[WhiteTitle "GM"]
[BlackTitle "GM"]
[WhiteElo "2563"]
[BlackElo "2669"]
[WhiteFideId "2008572"]
[BlackFideId "2801990"]
[EventDate "2016.12.17"]

1. e4 c5 2. Nf3 Nc6 3. Nc3 e6 4. g3 d5 5. Bg2 d4 6. Ne2 Bd6 7. O-O Nge7 8. d3
O-O 9. Nh4 e5 10. f4 f6 11. f5 Bd7 12. g4 g5 13. fxg6 hxg6 14. Ng3 Rf7 15. g5
Qf8 16. Nf3 Qg7 17. gxf6 Rxf6 18. Bg5 Rf4 19. Qd2 Raf8 20. Ne2 Bg4 21. Nxf4 exf4
22. e5 Nxe5 23. Rae1 Bxf3 24. Bxf3 Nxf3+ 25. Rxf3 Nd5 26. Re6 Be5 27. Qg2 Rf5
28. Bh6 Qf7 29. Rxg6+ Kh7 30. Rg5 Ne3 31. Rh3 Rxg5 32. Qxg5 Qe6 33. Rh5 1-0

[Event "London Classic Superrapid"]
[Site "London ENG"]
[Date "2016.12.17"]
[Round "5.6"]
[White "Safarli, Eltaj"]
[Black "Turner, Matthew J"]
[Result "1-0"]
[WhiteTitle "GM"]
[BlackTitle "GM"]
[WhiteElo "2691"]
[BlackElo "2523"]
[WhiteFideId "13402129"]
[BlackFideId "402893"]
[EventDate "2016.12.17"]

1. e4 e5 2. Nc3 Nf6 3. g3 d5 4. exd5 Nxd5 5. Bg2 Be6 6. Nf3 Nc6 7. O-O Be7 8.
Re1 Bf6 9. Nxd5 Bxd5 10. d4 Bxf3 11. Bxf3 O-O 12. d5 Nd4 13. Bg2 g6 14. c3 Nf5
15. Qb3 Rb8 16. h4 a6 17. a4 Re8 18. a5 Qd6 19. Ra4 Qc5 20. Bh3 Ne7 21. Rd1 Red8
22. c4 Qd6 23. Be3 e4 24. c5 Qe5 25. Bf4 Qh5 26. Bxc7 e3 27. Bg4 exf2+ 28. Kxf2
Qh6 29. Bxd8 Rxd8 30. Qxb7 Bxh4 31. d6 Re8 32. dxe7 Bxe7 33. Kg2 Bxc5 34. Rf4
Qg7 35. Rdf1 Bd6 36. Qxf7+ 1-0

[Event "London Classic Superrapid"]
[Site "London ENG"]
[Date "2016.12.17"]
[Round "5.7"]
[White "Jones, Gawain C B"]
[Black "Blomqvist, Erik"]
[Result "0-1"]
[WhiteTitle "GM"]
[BlackTitle "GM"]
[WhiteElo "2667"]
[BlackElo "2567"]
[WhiteFideId "409561"]
[BlackFideId "1709437"]
[EventDate "2016.12.17"]

1. c4 Nf6 2. g3 e6 3. Bg2 d5 4. Nf3 dxc4 5. Na3 c5 6. Nxc4 Nc6 7. Nfe5 Nxe5 8.
Nxe5 Be7 9. Qa4+ Nd7 10. d3 O-O 11. Nc4 a6 12. Qc2 Ra7 13. a4 b6 14. O-O Bb7 15.
e4 Ra8 16. Bd2 Qc7 17. f4 Rfd8 18. Bc3 Rac8 19. Qe2 Qb8 20. Qg4 Bf8 21. f5 e5
22. f6 g6 23. Rf5 Re8 24. Rf2 Rcd8 25. Kh1 b5 26. axb5 axb5 27. Ne3 Qd6 28. Raf1
b4 29. Nf5 Qxd3 30. Ne7+ Bxe7 31. fxe7 Rxe7 32. Qh4 f6 33. Bd2 Re6 34. Bh6 Rd6
35. Qg4 Bc8 36. Rd2 Qa6 37. Rdf2 c4 38. h4 Nc5 39. Qe2 c3 40. Qe3 Nd3 41. bxc3
Nxf2+ 42. Rxf2 b3 43. Bf1 Rd1 44. Kg2 Rxf1 45. Rxf1 Bh3+ 46. Kxh3 Qxf1+ 47. Kh2
Rd1 48. g4 Qh1+ 49. Kg3 Rg1+ 0-1

[Event "London Classic Superrapid"]
[Site "London ENG"]
[Date "2016.12.17"]
[Round "5.8"]
[White "Cornette, Matthieu"]
[Black "Bossard, Arnaud"]
[Result "1-0"]
[WhiteTitle "GM"]
[WhiteElo "2597"]
[BlackElo "2224"]
[WhiteFideId "620084"]
[BlackFideId "609242"]
[EventDate "2016.12.17"]

1. e4 c5 2. Nc3 e6 3. Nge2 Nc6 4. d4 cxd4 5. Nxd4 d6 6. Be3 Nf6 7. Be2 Be7 8. f4
O-O 9. Qd2 a6 10. g4 d5 11. exd5 Nxd5 12. Nxd5 exd5 13. O-O-O Re8 14. Bf3 Bb4
15. c3 Bf8 16. Nb3 Qc7 17. Rhe1 a5 18. Bb6 Qd7 19. Nc5 Bxc5 20. Bxc5 Rd8 21.
Bxd5 Qxg4 22. Bxc6 1-0

[Event "London Classic Superrapid"]
[Site "London ENG"]
[Date "2016.12.17"]
[Round "5.9"]
[White "Williams, Simon K"]
[Black "Hawkins, Jonathan"]
[Result "1/2-1/2"]
[WhiteTitle "GM"]
[BlackTitle "GM"]
[WhiteElo "2443"]
[BlackElo "2590"]
[WhiteFideId "404454"]
[BlackFideId "412686"]
[EventDate "2016.12.17"]

1. d4 Nf6 2. Bf4 g6 3. Nc3 d5 4. e3 Bg7 5. h4 c5 6. Nb5 Na6 7. a4 O-O 8. Be2 Bd7
9. h5 Qa5+ 10. c3 c4 11. Be5 Bxb5 12. axb5 Qxb5 13. Qc2 Ne4 14. Bxg7 Kxg7 15.
Nf3 Nc7 16. Nd2 Nxd2 17. Qxd2 Ne6 18. b3 Qxb3 19. e4 dxe4 20. hxg6 fxg6 21. Qh6+
Kf7 22. O-O Kg8 23. Rab1 Qxc3 24. Rbc1 Qxd4 25. Bxc4 Rf6 26. Qh3 Qe5 27. f4 Qf5
28. g4 Qc5+ 29. Kh1 Qc6 30. f5 e3+ 31. Qg2 Qxg2+ 32. Kxg2 h5 33. Bxe6+ Kg7 34.
g5 Rff8 35. f6+ exf6 36. gxf6+ Kh6 37. Rce1 a5 38. Rxe3 b5 39. Bd5 Rad8 40. Re5
a4 41. f7 b4 42. Rf6 Kg7 43. Ra6 a3 44. Rg5 Rxd5 45. Rxd5 Rb8 46. Rg5 Kxf7 47.
Rgxg6 b3 48. Rgf6+ Kg7 49. Rg6+ Kf7 1/2-1/2

[Event "London Classic Superrapid"]
[Site "London ENG"]
[Date "2016.12.17"]
[Round "5.10"]
[White "Powierski, Emil"]
[Black "Melkumyan, Hrant"]
[Result "0-1"]
[BlackTitle "GM"]
[WhiteElo "2317"]
[BlackElo "2633"]
[WhiteFideId "4656199"]
[BlackFideId "13302485"]
[EventDate "2016.12.17"]

1. e4 c6 2. Nc3 d5 3. Nf3 Bg4 4. h3 Bxf3 5. Qxf3 Nf6 6. d4 dxe4 7. Qe3 Nbd7 8.
Nxe4 Nxe4 9. Qxe4 Nf6 10. Qd3 Qd5 11. Be3 e6 12. Qb3 Bd6 13. Qxd5 Nxd5 14. Bd2
h5 15. Be2 h4 16. Bf3 O-O-O 17. O-O Bf4 18. Ba5 Bc7 19. Bd2 Bf4 20. Ba5 b6 21.
Be1 Kc7 22. c4 Ne7 23. Bc3 Bg5 24. d5 Bf6 25. Bxf6 gxf6 26. dxc6 Nxc6 27. Bxc6
Kxc6 28. Rfd1 Kc5 29. b3 e5 30. Kf1 f5 31. Ke2 f4 32. a3 f5 33. Rdc1 Rhg8 0-1

[Event "London Classic Superrapid"]
[Site "London ENG"]
[Date "2016.12.17"]
[Round "5.11"]
[White "McShane, Luke J"]
[Black "Pert, Richard G"]
[Result "1-0"]
[WhiteTitle "GM"]
[BlackTitle "IM"]
[WhiteElo "2652"]
[BlackElo "2423"]
[WhiteFideId "404853"]
[BlackFideId "404748"]
[EventDate "2016.12.17"]

1. e4 e6 2. d4 d5 3. Nd2 Be7 4. e5 c5 5. c3 Nc6 6. Ndf3 cxd4 7. cxd4 Nh6 8. Bd3
Nf5 9. Ne2 Qb6 10. O-O Bd7 11. Bc2 Rc8 12. a3 h6 13. Rb1 g5 14. h3 Bd8 15. b4
Nce7 16. a4 Ng6 17. Re1 Be7 18. Bd2 Qd8 19. Rc1 h5 20. Nh2 Bf8 21. Bd3 g4 22.
Rxc8 Bxc8 23. hxg4 hxg4 24. g3 Ngh4 25. Bxf5 Nxf5 26. Nxg4 Bg7 27. Qc1 Bd7 28.
Bg5 Qb6 29. Qc3 Rg8 30. Rc1 Bh8 31. Qd2 Rg6 32. Rc5 Qa6 33. Nf6+ Bxf6 34. Bxf6
Qxa4 35. Qc1 Kf8 36. Rc7 Kg8 37. Rc8+ Be8 38. Nc3 Qd7 39. Rd8 Nxg3 40. fxg3 Qc6
41. Kf2 Kh7 42. b5 Qc4 43. Rxe8 Qxd4+ 44. Qe3 Rxf6+ 45. exf6 Qxf6+ 46. Qf3 Qd4+
47. Kg2 Qd2+ 48. Ne2 f5 49. Rxe6 1-0

[Event "London Classic Superrapid"]
[Site "London ENG"]
[Date "2016.12.17"]
[Round "5.12"]
[White "Arkell, Keith C"]
[Black "Fressinet, Laurent"]
[Result "1/2-1/2"]
[WhiteTitle "GM"]
[BlackTitle "GM"]
[WhiteElo "2447"]
[BlackElo "2672"]
[WhiteFideId "400270"]
[BlackFideId "608742"]
[EventDate "2016.12.17"]

1. d4 g6 2. Nf3 Bg7 3. c4 Nf6 4. Nc3 O-O 5. g3 d5 6. cxd5 Nxd5 7. Bg2 Nc6 8. O-O
Bf5 9. e3 Nxc3 10. bxc3 Be4 11. Nd2 Bxg2 12. Kxg2 e5 13. Ba3 Re8 14. Qa4 Qd7 15.
Rab1 b6 16. Rfd1 Rad8 17. Rbc1 h5 18. h4 Qe6 19. Qc4 Qd7 20. Qa4 Na5 21. Qxd7
Rxd7 22. Bb4 Nc6 23. Ba3 Red8 24. Nb3 a5 25. Re1 Na7 26. Bb2 a4 27. Nd2 c5 28.
Nf3 exd4 29. cxd4 Nb5 30. Rb1 cxd4 31. Bxd4 Nxd4 32. Nxd4 Bxd4 33. exd4 Rxd4 34.
Rxb6 Rd2 35. Re4 R8d4 36. Rxd4 Rxd4 37. Ra6 Rc4 38. Ra7 Kg7 39. Ra6 Kf8 40. Ra7
Rd4 41. Kg1 f5 42. Kg2 f4 43. gxf4 Rxf4 44. Kg3 Rg4+ 45. Kh3 Rc4 46. f3 Kg8 47.
Kg3 Rd4 48. Kh3 Kf8 49. Kg3 Rc4 50. Kh3 1/2-1/2

[Event "London Classic Superrapid"]
[Site "London ENG"]
[Date "2016.12.17"]
[Round "5.13"]
[White "Bok, Benjamin"]
[Black "Bates, Richard A"]
[Result "1/2-1/2"]
[WhiteTitle "GM"]
[BlackTitle "IM"]
[WhiteElo "2598"]
[BlackElo "2347"]
[WhiteFideId "1017063"]
[BlackFideId "403555"]
[EventDate "2016.12.17"]

1. e4 c5 2. Nf3 d6 3. d4 cxd4 4. Nxd4 Nf6 5. Nc3 a6 6. Be3 e5 7. Nf3 Be7 8. Bc4
O-O 9. O-O Qc7 10. Bb3 b5 11. Bg5 Bb7 12. Bxf6 Bxf6 13. a4 bxa4 14. Nd5 Qd8 15.
Rxa4 a5 16. Nxf6+ Qxf6 17. Bd5 Nc6 18. Qd2 Rab8 19. c3 Rfc8 20. Rfa1 h6 21. Ne1
Qg6 22. f3 Kh8 23. Nc2 Ne7 24. Bxb7 Rxb7 25. Ne3 Qg5 26. Rxa5 f5 27. b4 fxe4 28.
fxe4 Ng6 29. Rf1 Nf4 30. g3 Rxc3 31. Rxf4 Rxe3 32. Rf2 Rf7 33. Ra8+ Kh7 34. Kg2
Ref3 35. Re2 Qg4 36. Ra2 Rf1 37. Qxd6 Qf3+ 38. Kh3 Qh5+ 39. Kg2 Qf3+ 40. Kh3
Qh5+ 41. Kg2 Qf3+ 1/2-1/2

[Event "London Classic Superrapid"]
[Site "London ENG"]
[Date "2016.12.17"]
[Round "5.14"]
[White "Gunina, Valentina"]
[Black "Nunn, John D M"]
[Result "1-0"]
[WhiteTitle "GM"]
[BlackTitle "GM"]
[WhiteElo "2525"]
[BlackElo "2600"]
[WhiteFideId "4167570"]
[BlackFideId "400017"]
[EventDate "2016.12.17"]

1. d4 Nf6 2. c4 g6 3. Nc3 Bg7 4. e4 d6 5. Nf3 O-O 6. Be2 Nbd7 7. O-O e5 8. Qc2
c6 9. d5 a5 10. Be3 Qe7 11. Rad1 c5 12. Ne1 Ne8 13. Nd3 f5 14. f4 exf4 15. Nxf4
Ne5 16. Ne6 Bxe6 17. dxe6 Qxe6 18. exf5 Rxf5 19. Rxf5 gxf5 20. Nd5 Ng4 21. Bf4
Bd4+ 22. Kf1 Nef6 23. Qxf5 Re8 24. Qxe6+ Rxe6 25. Nxf6+ Rxf6 26. Bxg4 Rxf4+ 27.
Bf3 Kf8 28. b3 Be5 29. Ke2 b6 30. g3 Rf6 31. Rf1 Ke7 32. Kd3 d5 33. cxd5 b5 34.
Ke2 Kd6 35. Be4 Rh6 36. Rf2 c4 37. bxc4 bxc4 38. Ke3 Kc5 39. Rf5 Bb2 40. h4 Bc1+
41. Kf3 Kd4 42. Rf7 c3 43. a4 Bd2 44. Re7 Rf6+ 45. Kg4 h6 46. Re6 Rxe6 47. dxe6
Kxe4 48. e7 c2 49. e8=Q+ Kd3 50. Qb5+ Ke3 51. Qb3+ 1-0

[Event "London Classic Superrapid"]
[Site "London ENG"]
[Date "2016.12.17"]
[Round "5.15"]
[White "Sanders, Isaac B"]
[Black "Zinchenko, Yaroslav"]
[Result "0-1"]
[WhiteTitle "FM"]
[BlackTitle "GM"]
[WhiteElo "2341"]
[BlackElo "2547"]
[WhiteFideId "417661"]
[BlackFideId "14110547"]
[EventDate "2016.12.17"]

1. e4 c5 2. Nc3 Nc6 3. Bb5 Nd4 4. Bc4 g6 5. Nf3 Bg7 6. Nxd4 cxd4 7. Qf3 Nf6 8.
Nb5 O-O 9. Nxd4 Ng4 10. Nb5 Ne5 11. Qe2 a6 12. Nc3 Nxc4 13. Qxc4 b5 14. Qe2 Bb7
15. O-O f5 16. d3 Rc8 17. a3 e6 18. Bd2 Qh4 19. f4 fxe4 20. dxe4 Rc4 21. e5 Rfc8
22. Rad1 Bh6 23. Be1 Qe7 24. Qd2 R8c7 25. Qd6 Qf7 26. Bg3 Bf8 27. Qd3 Qf5 28.
Qxf5 gxf5 29. Bh4 Bc6 30. Rd3 Kf7 31. b3 Rc5 32. Bf2 Bxg2 33. Bxc5 Bxf1 34. Kxf1
Bxc5 35. b4 Bf8 36. Ke2 Bh6 37. Kf3 Ke8 38. Ne2 Rxc2 39. Rd6 Rc6 40. Rd3 Bf8 41.
Kf2 Rc4 42. Rh3 h6 43. Rd3 a5 44. bxa5 Ra4 45. Nd4 Bc5 46. Ke3 Bxd4+ 47. Rxd4
Rxa3+ 48. Rd3 Rxa5 49. Rb3 Kd8 50. Kd4 Ra4+ 51. Kc5 Rxf4 52. Rxb5 Ke7 0-1

[Event "London Classic Superrapid"]
[Site "London ENG"]
[Date "2016.12.17"]
[Round "5.16"]
[White "Abdulla, Murad"]
[Black "Gharamian, Tigran"]
[Result "0-1"]
[BlackTitle "GM"]
[WhiteElo "2137"]
[BlackElo "2621"]
[WhiteFideId "2403757"]
[BlackFideId "13301527"]
[EventDate "2016.12.17"]

1. e4 g6 2. d4 Bg7 3. Nc3 a6 4. Be3 b5 5. Qd2 Bb7 6. f3 d6 7. a3 Nd7 8. h4 h5 9.
Nge2 c5 10. dxc5 Nxc5 11. Nf4 Rc8 12. O-O-O Nf6 13. Kb1 O-O 14. e5 dxe5 15. Qxd8
Rfxd8 16. Rxd8+ Rxd8 17. Nxg6 fxg6 18. Bxc5 Nd5 19. Bd3 Nxc3+ 20. bxc3 Kf7 21.
Rf1 Bf6 22. g3 Rc8 23. Bb4 Bc6 24. Ba5 Rg8 25. c4 g5 26. cxb5 Bxb5 27. Bxb5 axb5
28. hxg5 Rxg5 29. f4 exf4 30. gxf4 Rg3 31. Bb4 h4 32. Rh1 h3 33. Kc1 Bd4 34. Kd1
Rg1+ 0-1

[Event "London Classic Superrapid"]
[Site "London ENG"]
[Date "2016.12.17"]
[Round "5.17"]
[White "Dunn, Andrew"]
[Black "Lenderman, Aleksandr"]
[Result "0-1"]
[WhiteTitle "CM"]
[BlackTitle "GM"]
[WhiteElo "2228"]
[BlackElo "2581"]
[WhiteFideId "401960"]
[BlackFideId "2021285"]
[EventDate "2016.12.17"]

1. d4 e6 2. Nf3 Nf6 3. c4 d5 4. Nc3 c6 5. e3 Nbd7 6. Qc2 Bd6 7. Be2 dxc4 8. Bxc4
O-O 9. e4 e5 10. dxe5 Nxe5 11. Be2 Nxf3+ 12. Bxf3 Qc7 13. h3 Qe7 14. Be3 Rd8 15.
O-O-O Be6 16. Rhe1 Be5 17. Kb1 Qc7 18. Rxd8+ Rxd8 19. Rd1 Rxd1+ 20. Qxd1 Bxc3
21. bxc3 Qa5 22. Qd2 h6 23. Bd4 Nd7 24. Be2 Nb6 25. f4 Bc4 26. f5 Qb5+ 0-1

[Event "London Classic Superrapid"]
[Site "London ENG"]
[Date "2016.12.17"]
[Round "5.18"]
[White "Zujev, Oleg"]
[Black "Gupta, Abhijeet"]
[Result "0-1"]
[BlackTitle "GM"]
[WhiteElo "2340"]
[BlackElo "2634"]
[WhiteFideId "12801585"]
[BlackFideId "5010608"]
[EventDate "2016.12.17"]

1. d4 Nf6 2. c4 Nc6 3. Nc3 e5 4. d5 Ne7 5. h4 Neg8 6. Nf3 Ng4 7. Qc2 Bc5 8. e3
a6 9. Bd3 N8f6 10. a3 d6 11. b4 Ba7 12. O-O Qe7 13. Bd2 O-O 14. Rac1 Bd7 15. e4
Rae8 16. Ne2 Nxe4 17. Bxe4 f5 18. Bg5 Qf7 19. Ng3 h6 20. Nxf5 Bxf5 21. Bd2 Bxe4
22. Qxe4 Nf6 23. Qf5 e4 24. Nh2 Re5 25. Qf4 Qg6 26. Kh1 Rf5 27. Qg3 Qxg3 28.
fxg3 Nh5 29. Bf4 Rxf4 0-1

[Event "London Classic Superrapid"]
[Site "London ENG"]
[Date "2016.12.17"]
[Round "5.19"]
[White "Zapolskis, Antanas"]
[Black "Gallagher, Joseph G."]
[Result "0-1"]
[WhiteTitle "IM"]
[BlackTitle "GM"]
[WhiteElo "2294"]
[BlackElo "2433"]
[WhiteFideId "12800210"]
[BlackFideId "1303422"]
[EventDate "2016.12.17"]

1. e4 c5 2. Nf3 d6 3. d4 cxd4 4. Nxd4 Nf6 5. Nc3 a6 6. Bc4 e6 7. Bb3 b5 8. O-O
Be7 9. Qf3 Qb6 10. Be3 Qb7 11. Qg3 b4 12. Nf5 bxc3 13. Nxg7+ Kd8 14. e5 dxe5 15.
Rad1+ Bd7 16. Qxe5 Rg8 17. Bh6 Ng4 18. Qh5 Nxh6 19. Qxh6 Bf8 20. Qf6+ Kc8 21.
Qxf7 Qxg2+ 22. Kxg2 Rxg7+ 23. Qxg7 Bxg7 24. bxc3 Nc6 25. Rd3 Kc7 26. Rfd1 Ne5
27. Rg3 Bf6 28. a4 a5 29. Re3 Rg8+ 30. Rg3 Rf8 31. Rd4 Bc6+ 32. Kf1 Ng6 33. Rd2
Be5 34. Rh3 Bg2+ 35. Kxg2 Nf4+ 36. Kf1 Nxh3 37. Bxe6 Nf4 38. Rd7+ Kc6 39. Bg4 h5
40. Re7 hxg4 41. Rxe5 Nh3 42. Re2 Rf4 43. Kg2 Rxa4 44. Re5 Kd6 45. Rb5 Nf4+ 46.
Kg3 Ne2+ 47. Kg2 Nxc3 48. Rb8 Nd5 49. Kg3 Rc4 50. Ra8 a4 51. f3 gxf3 52. Kxf3
Kc5 53. Ra5+ Kc6 54. h3 Kd6 55. Kg3 Rc3+ 56. Kg4 a3 57. h4 Ne3+ 58. Kf4 Nxc2 59.
h5 Rc4+ 60. Kf3 Kc6 61. Kg3 Rc5 62. Ra8 Rxh5 63. Rc8+ Kb5 64. Rxc2 Rf5 65. Kg4
Rf8 66. Rc7 Ra8 67. Rb7+ Kc6 68. Rb1 a2 69. Ra1 Kc5 70. Kf3 Kc4 0-1

[Event "London Classic Superrapid"]
[Site "London ENG"]
[Date "2016.12.17"]
[Round "5.20"]
[White "Speelman, Jon S"]
[Black "McPhillips, Joseph"]
[Result "1-0"]
[WhiteTitle "GM"]
[BlackTitle "FM"]
[WhiteElo "2526"]
[BlackElo "2395"]
[WhiteFideId "400033"]
[BlackFideId "422487"]
[EventDate "2016.12.17"]

1. d4 e6 2. g3 Nf6 3. Bg2 d5 4. Nf3 Be7 5. O-O O-O 6. c4 dxc4 7. Qc2 a6 8. Qxc4
b5 9. Qc2 Bb7 10. Bg5 Nbd7 11. Bxf6 Nxf6 12. Nbd2 Rc8 13. Nb3 Be4 14. Qc3 Nd5
15. Qd2 Bb4 16. Qd1 c5 17. dxc5 Bxc5 18. Ne5 Bxg2 19. Kxg2 Bd6 20. Nd3 Qb6 21.
Rc1 a5 22. e3 Nb4 23. Nxb4 Bxb4 24. Qf3 a4 25. Nd4 Bc5 26. Ne2 Be7 27. b3 Bf6
28. Qe4 axb3 29. axb3 g6 30. h4 h5 31. Nf4 Qd6 32. Rfd1 Qe5 33. Qb4 Rfd8 34.
Rxd8+ Rxd8 35. Rc5 Qd6 36. Qxb5 Rb8 37. Qc4 Kg7 38. Rb5 Ra8 39. Rb7 Kg8 40. b4
Be5 41. b5 Bf6 42. Qe4 Ra1 43. Qc6 Rd1 44. Nxg6 Qxc6+ 45. bxc6 Rc1 46. c7 Kh7
47. Nf4 Kh6 48. c8=Q Rxc8 49. Rxf7 Bg7 50. Nxe6 Rc2 51. Nxg7 Kg6 52. Ra7 Ra2 53.
Rxa2 Kh7 54. Nxh5 1-0

[Event "London Classic Superrapid"]
[Site "London ENG"]
[Date "2016.12.17"]
[Round "5.21"]
[White "Hebden, Mark L"]
[Black "Wadsworth, Matthew J"]
[Result "1-0"]
[WhiteTitle "GM"]
[BlackTitle "FM"]
[WhiteElo "2492"]
[BlackElo "2277"]
[WhiteFideId "400084"]
[BlackFideId "415804"]
[EventDate "2016.12.17"]

1. d4 Nf6 2. Nf3 d5 3. c4 c6 4. e3 Bg4 5. h3 Bxf3 6. Qxf3 e6 7. Nc3 Nbd7 8. Bd2
Bb4 9. Bd3 Qe7 10. O-O dxc4 11. Bxc4 e5 12. a3 Bd6 13. Qf5 O-O 14. Ba2 Rad8 15.
Rad1 Rfe8 16. d5 g6 17. Qc2 e4 18. dxc6 Qe5 19. f4 exf3 20. Rxf3 bxc6 21. Rdf1
Nd5 22. Nxd5 cxd5 23. Bc3 Qh2+ 24. Kf2 Ne5 25. Bxe5 Bxe5 26. Rd1 Re7 27. Rxd5
Rxd5 28. Bxd5 Kg7 29. b4 Bf6 30. Qc4 Rc7 31. Bc6 Qd6 32. b5 Qxa3 33. Kg1 Qd6 34.
Qd5 Qxd5 35. Bxd5 Rc5 36. e4 Rxb5 37. Kf1 Rb1+ 38. Ke2 Rb2+ 39. Kd3 a5 40. e5
Bxe5 41. Rxf7+ Kh6 42. Ra7 Rb5 43. Bg8 Bg7 44. g4 Rb8 45. g5+ Kxg5 46. Rxg7 Kf6
47. Rf7+ Kg5 48. h4+ Kxh4 49. Rxh7+ Kg5 50. Bd5 a4 51. Ra7 Rb4 52. Be4 Rb6 53.
Rxa4 Rd6+ 54. Ke3 Rf6 55. Ra5+ Kh6 56. Ra7 Kg5 57. Kd4 Rf8 58. Ra6 Rg8 59. Bd5
Rg7 60. Ke5 Re7+ 61. Be6 Rc7 62. Ra1 Rc2 63. Rg1+ Kh6 64. Bd5 Rb2 65. Bc6 Rb6
66. Kd6 Kg7 67. Kc5 Ra6 68. Kb5 Ra2 69. Be4 Rb2+ 70. Kc5 Rd2 71. Rxg6+ Kf7 72.
Ra6 Rd7 73. Bd5+ Kg7 74. Kd4 Re7 75. Be4 Kf7 76. Kd5 Kg7 77. Rg6+ Kf7 78. Rh6
Kg7 79. Rh1 Kf6 80. Kd4 Kg7 81. Ke3 Rf7 82. Bd5 Rf5 83. Ke4 Rg5 84. Rf1 Kg6 85.
Bf7+ Kg7 86. Be6 Kg6 87. Bf5+ Kg7 88. Kf4 Kf6 89. Be4 Re5 90. Rh1 Re7 91. Bf5
Rf7 92. Rh6+ Ke7 93. Ke5 Kf8 94. Be6 Re7 95. Rh8+ Kg7 96. Rg8+ Kh7 97. Rg1 Rg7
98. Bf5+ Kh6 99. Ra1 Kg5 100. Ra8 Kh6 101. Kf4 Rg1 102. Ra7 Rg7 103. Ra6+ Kh5
104. Ra1 1-0

[Event "London Classic Superrapid"]
[Site "London ENG"]
[Date "2016.12.17"]
[Round "5.22"]
[White "Mayhew, Andrew"]
[Black "Lalic, Bogdan"]
[Result "0-1"]
[BlackTitle "GM"]
[WhiteElo "2215"]
[BlackElo "2443"]
[WhiteFideId "405493"]
[BlackFideId "409081"]
[EventDate "2016.12.17"]

1. e4 c5 2. d3 Nc6 3. g3 d5 4. Nd2 Nf6 5. Bg2 Bg4 6. f3 Bd7 7. Ne2 e5 8. O-O d4
9. f4 Ng4 10. Nc4 b5 11. Nxe5 Ngxe5 12. fxe5 Nxe5 13. Nf4 Bd6 14. Bd2 O-O 15.
Qe2 Rc8 16. h3 c4 17. Rac1 b4 18. Nd5 a5 19. Rf2 Bb5 20. Nf4 a4 21. Bf1 c3 22.
bxc3 bxc3 23. Be1 Ba3 24. Rb1 Bb2 25. Qh5 Rc5 26. Nd5 f6 27. Rf4 Be8 28. Qe2 Bf7
29. Bg2 Bxd5 30. exd5 Rxd5 31. Bf2 Rd7 32. Qe4 Re8 33. Re1 Ree7 34. Qf5 Rd6 35.
Rfe4 Qd7 36. Qh5 Re8 37. Kh1 Rd8 38. Qh4 Ng6 39. Qh5 f5 40. R4e2 Qf7 41. Qg5 h6
42. Qh5 Qxa2 43. Bxd4 Qf7 44. Bc5 Rf6 45. Qf3 a3 46. Be7 Nxe7 47. Rxe7 Qf8 48.
Qb7 Kh7 49. Bd5 Rb8 50. Rxg7+ Qxg7 51. Qxb8 Rg6 52. Qe8 a2 53. Bxa2 Rxg3 54. Qh5
Qb7+ 55. Re4 fxe4 56. Qf5+ Rg6 57. Bd5 Qa7 0-1

[Event "London Classic Superrapid"]
[Site "London ENG"]
[Date "2016.12.17"]
[Round "5.23"]
[White "Britton, Richard L"]
[Black "Cherniaev, Alexander"]
[Result "0-1"]
[WhiteTitle "FM"]
[BlackTitle "GM"]
[WhiteElo "2139"]
[BlackElo "2439"]
[WhiteFideId "401692"]
[BlackFideId "4117301"]
[EventDate "2016.12.17"]

1. e4 c6 2. d4 d5 3. Nc3 dxe4 4. Nxe4 Nf6 5. Nxf6+ gxf6 6. c3 h5 7. Bd3 Qd5 8.
Qf3 Bg4 9. Qxd5 cxd5 10. h3 Bd7 11. Nf3 Nc6 12. Bf4 Bg7 13. O-O e6 14. Rfe1 Rc8
15. Nh4 Kd8 16. Nf3 Re8 17. Bd6 Bh6 18. Re2 Rg8 19. Kf1 Na5 20. Bb4 Nc6 21. Bd6
Ne7 22. Nh4 Nc6 23. b4 Bg5 24. Nf3 Bh6 25. a4 Ne7 26. Ra3 Ng6 27. g3 Re8 28. a5
Bg7 29. Bc5 Ra8 30. Kg2 Rg8 31. Kh2 Kc7 32. b5 Bf8 33. Rb3 b6 34. Bb4 Bxb4 35.
cxb4 Kd6 36. Ra3 Ne7 37. Rea2 Rab8 38. Re2 Rgc8 39. Re1 Rc7 40. Re3 Rc1 41. Re1
Rc7 42. Nh4 e5 43. Be2 Rh8 44. Rf3 Ke6 45. Re3 e4 46. Ng2 Ng6 47. Ra3 f5 48.
axb6 axb6 49. Ra6 Rb7 50. h4 Kd6 51. Rc1 Rhb8 52. Kg1 f4 53. gxf4 Ne7 54. Ne3
Ng6 55. Ng2 Nf8 56. Bxh5 Bxb5 57. Ra3 Nh7 58. Rg3 Nf6 59. Bg4 Rh8 60. Bh3 Nh5
61. Rg5 f6 62. Rg6 Ke7 63. Bg4 Kf7 64. Bxh5 Rxh5 65. Rg3 Ra7 66. Ne3 Bd7 67. f5
Bxf5 68. Nxd5 Be6 69. Ne3 Rd7 70. Rc6 Rxd4 71. Rxb6 Rxh4 72. Rb7+ Rd7 73. Rxd7+
Bxd7 74. Ng2 Rh8 75. Rb3 Bg4 76. Ne1 Be6 77. Re3 Rg8+ 78. Kh2 Bd5 79. f3 f5 80.
fxe4 Bxe4 81. Nd3 Kf6 82. Nc5 Bd5 83. Nd7+ Kf7 84. Ne5+ Ke6 85. Nd3+ Kf6 86. Nf4
Be4 87. b5 Ke5 88. Ne2 f4 89. Nxf4 Kxf4 90. Rb3 Rg2+ 91. Kh3 Rg1 92. Kh4 Rg8 0-1

[Event "London Classic Superrapid"]
[Site "London ENG"]
[Date "2016.12.17"]
[Round "5.24"]
[White "Batchelor, Peter J"]
[Black "Gordon, Stephen J"]
[Result "1-0"]
[WhiteTitle "FM"]
[BlackTitle "GM"]
[WhiteElo "2365"]
[BlackElo "2510"]
[WhiteFideId "424854"]
[BlackFideId "411477"]
[EventDate "2016.12.17"]

1. Nf3 c5 2. c4 Nf6 3. d4 cxd4 4. Nxd4 e6 5. Nc3 Bb4 6. g3 O-O 7. Bg2 d5 8. cxd5
Nxd5 9. Bd2 Bxc3 10. bxc3 e5 11. Nc2 Nb6 12. O-O Nc6 13. Ne3 Be6 14. a4 Qc7 15.
Qc2 Rfd8 16. Rfb1 Rac8 17. a5 Nc4 18. Nxc4 Bxc4 19. Be3 Nxa5 20. Bxa7 b5 21. Be3
Rb8 22. h4 Bd5 23. Bxd5 Rxd5 24. Qe4 Rbd8 25. Kh2 Nc4 26. Ra7 Qd6 27. Rba1 Nxe3
28. Qxe3 h6 29. R1a6 Qc5 30. Qf3 Rf8 31. Rxf7 Rdd8 32. Rxg7+ Kxg7 33. Qg4+ Kh7
34. Qg6+ Kh8 35. Qxh6+ Kg8 36. Rg6+ 1-0

[Event "London Classic Superrapid"]
[Site "London ENG"]
[Date "2016.12.18"]
[Round "6.1"]
[White "Safarli, Eltaj"]
[Black "Howell, David W L"]
[Result "1/2-1/2"]
[WhiteTitle "GM"]
[BlackTitle "GM"]
[WhiteElo "2691"]
[BlackElo "2644"]
[WhiteFideId "13402129"]
[BlackFideId "410608"]
[EventDate "2016.12.17"]

1. e4 e5 2. Nf3 Nc6 3. Bb5 Nf6 4. O-O Nxe4 5. d4 Nd6 6. dxe5 Nxb5 7. a4 Nbd4 8.
Nxd4 Nxd4 9. Qxd4 d5 10. Qd3 c6 11. a5 Qd7 12. Be3 Be7 13. Qc3 O-O 14. Nd2 Qc7
15. Nb3 Bf5 16. Rfd1 Rfc8 17. Bc5 Bxc5 18. Nxc5 b6 19. Nb3 Be6 20. Nd4 Bd7 21.
Re1 c5 22. e6 Bxe6 23. Nxe6 fxe6 24. Rxe6 Re8 25. axb6 axb6 26. Rxa8 Rxa8 27. g3
Rf8 28. Qe3 h6 29. c3 b5 30. Re7 Qd6 31. Qe5 Qxe5 32. Rxe5 Rd8 33. Kf1 Kf7 34.
f4 Kf6 35. h4 c4 36. Ke2 d4 37. cxd4 Rxd4 38. Rxb5 Rd3 1/2-1/2